Normal view
MARC view
Entry Personal Name
001 - CONTROL NUMBER
- control field: 1233
003 - CONTROL NUMBER IDENTIFIER
- control field: OSt
005 - DATE AND TIME OF LATEST TRANSACTION
- control field: 20260108160652.0
008 - FIXED-LENGTH DATA ELEMENTS
- fixed length control field: 260108|| aca||aabn | a|a d
040 ## - CATALOGING SOURCE
- Original cataloging agency: OSt
- Transcribing agency: OSt
100 ## - HEADING--PERSONAL NAME
- Personal name: Arun Thulasi
670 ## - SOURCE DATA FOUND
- Source citation: Work cat.: (OSt)20838: Arun Thulasi, Covid-19 pandemic impact of tele yoga on mental health and quality of life in adolescents., 2025